| 000 | 00920nam a22002657a 4500 | ||
|---|---|---|---|
| 005 | 20130619152206.0 | ||
| 010 | _aENG-105771 | ||
| 020 |
_a9788183222839 _c175.00 |
||
| 035 | _aEN-89304 | ||
| 035 | _aB-512722-732 | ||
| 037 | _bDBAD/PUB | ||
| 037 | _bBSB/Ven | ||
| 082 | _a153.69 | ||
| 100 | _aPease, Allan | ||
| 245 |
_aThe body language of love / _cby Allan Pease [and] Barbara Pease |
||
| 260 |
_aBhopal _bManjul Publishing House _c2012 |
||
| 270 |
_a2nd Floor, Usha Preet Complex, 42 Malviya Nagar _bBhopal _e462003 _mmanjul@manjulindia.com |
||
| 300 |
_a155p. _c20cm(pbk) |
||
| 500 | _aIncludes bibliographical references | ||
| 650 |
_aInterpersonal attraction _xPhysiological aspects |
||
| 650 | _aBody language | ||
| 700 |
_aPease, Barbara _951962 |
||
| 942 |
_2ddc _cEN _h153.69 _mPEA |
||
| 999 |
_c69656 _d69656 |
||